New fluorinated thermoplastic elastomers (Record no. 63810)

MARC details
000 -LEADER
fixed length control field 01657nam a2200181Ia 4500
100 ## - MAIN ENTRY--AUTHOR NAME
Personal name Tonelli C
245 #0 - TITLE STATEMENT
Title New fluorinated thermoplastic elastomers
260 ## - PUBLICATION, DISTRIBUTION, ETC. (IMPRINT)
Name of publisher Journal of Applied Polymer Science
Year of publication 1996
300 ## - PHYSICAL DESCRIPTION
Number of Pages 311-327
520 ## - SUMMARY, ETC.
Summary, etc New fluorinated thermoplastic elastomers (FTE) with perfluoropolyether (PFPE) blocks have been synthesized by reacting a fluorinated macrodiol with aromatic diisocyanates in the presence of a solvent, followed by subsequent chain extension with low molecular weight aliphatic or aromatic diols. Tensile properties measurements and dynamical-mechanical analysis (DMA) have been carried out and the relationship between chemical structure and final properties has been determined. These new thermoplastic fluorinated polyurethanes show an elastomeric behavior over a wide temperature range (between -75 and 100 C), thanks to their multiphase morphology consisting of a continuous fluorinated phase with a very low Tg (-120 C) and a dispersed high melting hydrogena hard phase, as verified by a calorimetric and dynamic-mechanical analysis. At the same time, some of the outstanding properties of fluorinated oligomers, such as chemical inertness and low surface tension, are retained in the final polymers. Thanks to these characteristics this new class of polymeric materials provides new opportunities for the application of thermoprocessable elastomers in advanced technological fields.
650 ## - SUBJECT ADDED ENTRY--TOPICAL TERM
Topical Term Fluorinated thermoplastic elastomer
700 ## - ADDED ENTRY--PERSONAL NAME
Personal name Ajroldi G
700 ## - ADDED ENTRY--PERSONAL NAME
Personal name Scicchitano M
700 ## - ADDED ENTRY--PERSONAL NAME
Personal name Simeone G
700 ## - ADDED ENTRY--PERSONAL NAME
Personal name Trombetta T
942 ## - ADDED ENTRY ELEMENTS (KOHA)
Koha item type Journals
Holdings
Withdrawn status Lost status Damaged status Not for loan Home library Current library Shelving location Date acquired Serial Enumeration / chronology Koha item type
      Journals RRII Library RRII Library Rubber chemistry 17/12/2021 Volume 59, Issue 2 Journals